| 000 | 00736nam a2200289Ia 4500 | ||
|---|---|---|---|
| 003 | OSt | ||
| 005 | 20220912151755.0 | ||
| 006 | a|||||r|||| 00| 0 | ||
| 007 | ta | ||
| 008 | 220909b |||||||| |||| 00| 0 eng d | ||
| 020 | _a038794222X (pbk) | ||
| 024 | _a3530 | ||
| 037 | _bNarosa, | ||
| 037 | _cTextual | ||
| 040 |
_aCSL _beng _cCSL |
||
| 041 | _aeng | ||
| 082 | _aB6M, N4 | ||
| 100 | _aJennings George A | ||
| 245 | 0 | _aModern geometry with applications | |
| 260 |
_aNew York _b Springer-Verlag _c1994 |
||
| 300 | _a187p | ||
| 490 | _aUniversitext | ||
| 650 | _a Modern geometry | ||
| 650 | _aMathematics | ||
| 942 |
_hB6M, N4 _cTEXL _2CC |
||
| 999 |
_c75062 _d75062 |
||